| 000 | 00975cam a22002653a 4500 | ||
|---|---|---|---|
| 001 | 18212 | ||
| 003 | PGUSA | ||
| 005 | 20140828083404.0 | ||
| 008 | 060419s2006||||xxu|||||s|||||000 | eng d | ||
| 040 |
_aPGUSA _beng |
||
| 042 | _adc | ||
| 050 | 4 | _aNK | |
| 100 | 1 |
_aAddison, Julia de Wolf Gibbs, _d1866- |
|
| 245 | 1 | 0 |
_aArts and Crafts in the Middle Ages : _bA Description of Mediaeval Workmanship in Several of the Departments of Applied Art, Together with Some Account of Special Artisans in the Early Renaissance _h[electronic resource] / _cJulia de Wolf Gibbs Addison |
| 260 |
_bProject Gutenberg, _c2006 |
||
| 506 | _aPublic domain in the USA. | ||
| 516 | _aElectronic text | ||
| 653 | _aArts and crafts movement | ||
| 653 | _aDecorative arts -- History | ||
| 653 | _aIllumination of books and manuscripts | ||
| 653 | _aDecoration and ornament, Medieval | ||
| 830 | 0 |
_aProject Gutenberg _v18212 |
|
| 856 | 4 | 0 | _uhttp://www.gutenberg.org/ebooks/18212 |
| 942 | _cEB | ||
| 999 |
_c247467 _d247467 |
||